Construction tackles waste (Record no. 80207)

MARC details
000 -LEADER
fixed length control field 01128cab a22002175a 4500
001 - CONTROL NUMBER
control field L143496
008 - FIXED-LENGTH DATA ELEMENTS--GENERAL INFORMATION
fixed length control field 080514s2008 xxk f 000 0 eng d
035 ## - SYSTEM CONTROL NUMBER
System control number (Sirsi) u143496
041 0# - LANGUAGE CODE
Language code of text/sound track or separate title eng
100 1# - MAIN ENTRY--PERSONAL NAME
Personal name Hurley, James
245 00 - TITLE STATEMENT
Title Construction tackles waste
260 ## - PUBLICATION, DISTRIBUTION, ETC.
Date of publication, distribution, etc. 2008
490 #0 - SERIES STATEMENT
Series statement Project
Volume/sequential designation 20(7) May 2008, 25-26(2)
520 ## - SUMMARY, ETC.
Summary, etc. Considers the significance of Site Waste Management Plans (SWMPs) with the introduction of the Site Waste Management Plans Regulations 2008. Explains the scope of the Regulations and notes that the success of the SWMP programme also requires commitment and guidance from local planners and the planning process. Looks at government plans to replace Local Plans with Minerals and Waste Development Frameworks (MWDFs) and how Supplementary Planning Documents and MWDFs should help planners and developers to minimise waste in construction more effectively.
590 ## - LOCAL NOTE (RLIN)
Local note KA
650 24 - SUBJECT ADDED ENTRY--TOPICAL TERM
Topical term or geographic name entry element SITE WASTE MANAGEMENT PLANS REGULATIONS 2008
651 #4 - SUBJECT ADDED ENTRY--GEOGRAPHIC NAME
Geographic name England
Chronological subdivision 886-
690 ## - LOCAL SUBJECT ADDED ENTRY--TOPICAL TERM (OCLC, RLIN)
Topical term or geographic name as entry element BUILT ENVIRONMENT
690 ## - LOCAL SUBJECT ADDED ENTRY--TOPICAL TERM (OCLC, RLIN)
Topical term or geographic name as entry element ENVIRONMENTAL AND LAND CONSULTANCY-WASTE MANAGEMENT
942 ## - ADDED ENTRY ELEMENTS (KOHA)
Suppress in OPAC 0
Holdings
Withdrawn status Lost status Source of classification or shelving scheme Damaged status Not for loan Home library Current library Shelving location Date acquired Total Checkouts Full call number Barcode Date last seen Copy number Price effective from Koha item type
    Dewey Decimal Classification     London London Journal article 14/05/2008   L143496 143496-1001 06/08/2019 1 06/08/2019 Journal article